La philosophie en France au XIX siécle 1867
Збережено в:
| Автор: | |
|---|---|
| Формат: | Книга |
| Мова: | Французька |
| Опубліковано: |
París
J. Vrin
1983
|
| Редагування: | 5a. ed |
| Предмети: | |
| Теги: |
Додати тег
Немає тегів, Будьте першим, хто поставить тег для цього запису!
|
MARC
| LEADER | 00000nam a2200000 a 4500 | ||
|---|---|---|---|
| 001 | UCZ3886 | ||
| 003 | CL-VaPUC | ||
| 008 | 951027e19830000FR |||||||||||||||||fre|d | ||
| 082 | 0 | 4 | |a 194 |b RAV |2 21 |
| 100 | 0 | |a Ravaisson Mollien, Félix |e author |9 335835 | |
| 245 | 1 | 3 | |a La philosophie en France au XIX siécle 1867 |
| 250 | |a 5a. ed | ||
| 300 | |a 288 p | ||
| 942 | |c BK | ||
| 945 | |d 19951027 00:00:00 |a lriquelm | ||
| 260 | |a París |b J. Vrin |c 1983 | ||
| 650 | 0 | |a Filosofía francesa |9 255698 | |
| 650 | 7 | |a FILOSOFIA SIGLO 19 |2 CL-VaPUC |9 315034 | |
| 650 | 0 | |a Escuelas filosóficas |9 266232 | |
| 583 | |a last modification |c 19951027 00:00:00 |k Rodrigo Vera | ||
| 999 | |c 240331 |d 240329 | ||
| 952 | |0 0 |1 0 |4 0 |6 194_000000000000000_RAV_1983 |7 0 |8 P |9 252167 |a BIBEDU |b BIBEDU |c BIBEDU_PB |d 2019-11-18 |i 1591452 |o 194 RAV 1983 |p 1591452 |r 2024-01-25 |w 2019-11-18 |y BK |k FIL | ||